The Religious life of India : (Record no. 77443)

MARC details
000 -LEADER
fixed length control field 00542nam a22001817a 4500
005 - DATE AND TIME OF LATEST TRANSACTION
control field 20130712123639.0
010 ## - LCCN (DPL NO)
LC control number ENG-107969
020 ## - INTERNATIONAL STANDARD BOOK NUMBER
Terms of availability 595.00
International Standard Book Number 9789380755298
035 ## - SYSTEM CONTROL NUMBER
System control number EN-91502
037 ## - SOURCE OF ACQUISITION
Source of stock number/acquisition DBAD/PUB
100 ## - MAIN ENTRY--PERSONAL NAME
Personal name Kennedy, Melville T.
245 00 - TITLE STATEMENT
Title The Religious life of India :
Statement of responsibility, etc by Melville T. Kennedy
Remainder of title A study of the Vaishnavism of Bengal /
260 ## - PUBLICATION, DISTRIBUTION, ETC. (IMPRINT)
Place of publication, distribution, etc Kolkata
Name of publisher, distributor, etc Aruna Prakashan
Date of publication, distribution, etc 2013
270 ## - ADDRESS
Address 2, Kalidas Singha Lane,
City Kolkata
Postal code 700009
300 ## - PHYSICAL DESCRIPTION
Extent 270p.
Dimensions 18cm(Hb)
500 ## - GENERAL NOTE
General note Includes index
942 ## - ADDED ENTRY ELEMENTS (KOHA)
Source of classification or shelving scheme Dewey Decimal Classification
Item type English Books
Call number suffix KEN
Holdings
Withdrawn status Lost status Not for loan Collection code Home library Current library Date acquired Source of acquisition Cost, normal purchase price Full call number Barcode Copy number Cost, replacement price Koha item type
    Not For Loan Non-fiction D.B.Act.Division D.B.Act.Division 12/07/2013 DBAD/PUB 595.00 KEN EN-91502 1 595.00 English Books

© Delhi Public Library
Hit Counter
free hit counter